| 000 | 00575nam a2200229Ia 4500 | ||
|---|---|---|---|
| 003 | OSt | ||
| 005 | 20221006164530.0 | ||
| 006 | a|||||r|||| 00| 0 | ||
| 007 | ta | ||
| 008 | 221006b |||||||| |||| 00| 0 eng d | ||
| 024 | _a3,450 | ||
| 037 | _cTextual | ||
| 040 |
_aFML _cFML _beng |
||
| 041 |
_2eng _aeng |
||
| 082 | _aNS595, J2 | ||
| 100 |
_aWolska Helen Au. _9677697 |
||
| 245 | 0 | _aDances of Poland | |
| 260 |
_aLondon _bMax Parrish _c1952 |
||
| 300 |
_a38 _ccm. |
||
| 942 |
_hNS595, J2 _cTEXL _2CC |
||
| 999 |
_c1117589 _d1117589 |
||